Statutory rules under the Andhra Pradesh gram panchayats act, 1964 (Record no. 488538)

000 -LEADER
fixed length control field 00356cam a22001097a 4500
008 - FIXED-LENGTH DATA ELEMENTS--GENERAL INFORMATION
fixed length control field 180718b1969 xxu||||| |||| 00| 0 eng d
082 ## - DEWEY DECIMAL CLASSIFICATION NUMBER
Classification number B71103x5451 An24/1967r
100 ## - MAIN ENTRY--PERSONAL NAME
Personal name Andhra Pradesh. Panchayati Raj Department
245 ## - TITLE STATEMENT
Title Statutory rules under the Andhra Pradesh gram panchayats act, 1964
260 ## - PUBLICATION, DISTRIBUTION, ETC.
Place of publication, distribution, etc. Hyderabad
Name of publisher, distributor, etc. The author
Date of publication, distribution, etc. 1969
300 ## - PHYSICAL DESCRIPTION
Extent 303+p.
Holdings
Withdrawn status Lost status Damaged status Not for loan Permanent Location Current Location Date acquired Full call number Barcode Date last seen Price effective from Koha item type
        Indian Institute of Public Administration Indian Institute of Public Administration 2018-08-04 B71103x5451 An24/1967r G10497 2018-08-04 2018-08-04 G

Powered by Koha